| 000 | 00359nam a22001457a 4500 | ||
|---|---|---|---|
| 020 | _a978-81-8388-754-0 | ||
| 082 |
_a823 _bWYS/S |
||
| 100 | _aWYSS, JOHANN DAVID | ||
| 245 |
_aTHE SWISS FAMILY ROBINSON _bSPIDER JUNIOR CLASSICS |
||
| 260 |
_aCHENNAI _bSPIDER BOOKS _c2017 |
||
| 300 | _a31 | ||
| 520 | _aCLASSICS STORY | ||
| 650 | _aCLASSICS STORY | ||
| 942 | _cBK | ||
| 999 |
_c3408 _d3408 |
||